| 000 | 01942nam a22002417a 4500 | ||
|---|---|---|---|
| 003 | Uzh_bibl | ||
| 008 | 260525b |||||||| |||| 00| 0 ukr d | ||
| 020 |
_a978-0-00-787473-6 _c100.00 |
||
| 040 | _bукр. | ||
| 041 |
_2eng _aeng |
||
| 080 | _a821(410) | ||
| 090 |
_a821(410) _bМ 83 |
||
| 100 | _a Morpurgo, Michael | ||
| 245 |
_aBorn to Run _hText _cil.Michael Foreman |
||
| 260 |
_aLondon _bHarperCollins _c2007 |
||
| 300 | _a256 s. | ||
| 520 | _aКоли Патрік рятує виводок грейхаундів із каналу, він не може віддати їх усіх RSPCA. Він благає батьків: хіба він не міг би просто залишити одного з них? Але нічого їх не переконує, і Патрік плаче, засинає — лише щоб його будити щеня грейхаунда, що лиже йому обличчя! Патрік називає свого цуценя Best Mate, і саме таким він і стає. Улюблене заняття Патріка — дивитися, як Найкращий Товариш біжить на повну тягу по пустці, куля, гепард-собака. Поки одного дня Best Mate не викрадає тренер грейхаундів, і він починає нове життя як чемпіон у гонках. Сьюзі, падчерка тренера грейхаундів, з першого погляду закохується в Найкращого Друга і дає йому нове ім'я — Яскраві Очі. Але що буде, коли він більше не зможе бігати | ||
| 521 | _aДля підлітків | ||
| 525 | _aДля старшого шкільного віку | ||
| 546 | _aукр. | ||
| 650 | _aЛітературно-художне видання | ||
| 942 |
_2udc _cBK |
||
| 999 |
_c17992 _d17992 |
||